[Event "Curitiba Parana op"]
[Site "Curitiba"]
[Date "2023.04.21"]
[Round "2"]
[White "Alves, Yan Gomes"]
[Black "Sandes, Jheneyson Denis Oli"]
[Result "0-1"]
[WhiteElo "1737"]
[BlackElo "1877"]
[PlyCount "72"]
[EventDate "2023.04.21"]
[EventType "swiss"]
[EventRounds "6"]
[EventCountry "BRA"]
[SourceTitle "CBM 214 Extra"]
[Source "ChessBase"]
[SourceDate "2023.07.31"]
[SourceVersion "1"]
[SourceVersionDate "2023.07.31"]
[SourceQuality "1"]

1. e4 e6 2. d4 d5 3. Nd2 dxe4 4. Nxe4 Nd7 5. Nf3 Ngf6 6. Bd3 Nxe4 7. Bxe4 Nf6 8. Bd3 Be7 9. 0-0 0-0 10. c4 b6 11. Be3 Bb7 12. h3 c5 13. Be2 Qc7 14. Rc1 Rfd8 15. Qc2 Rac8 16. Rfd1 Be4 17. Qc3 Qb7 18. dxc5 bxc5 19. Rxd8+ Rxd8 20. Rd1 Rb8 21. b3 Bc6 22. Bf4 Rc8 23. g4 Ne4 24. Qe3 f6 25. Nd2 e5 26. Bh2 Ng5 27. h4 Ne6 28. Bf3 Nd4 29. Bxc6 Qxc6 30. f4 Rd8 31. Kf2 Qd7 32. g5 Qg4 33. Nf3 Qf5 34. Nxd4 cxd4 35. Qf3 Qc2+ 36. Ke1 Bb4+ 0-1